<?xml version="1.0" encoding="UTF-8"?>
<collection xmlns="http://www.loc.gov/MARC21/slim">
 <record>
  <leader>01193nam a22003017a 4500</leader>
  <controlfield tag="001">39728</controlfield>
  <controlfield tag="003">BD-DhAAL</controlfield>
  <controlfield tag="008">220929t2019    bg a     l    000 0 eng d</controlfield>
  <datafield tag="999" ind1=" " ind2=" ">
   <subfield code="c">44936</subfield>
   <subfield code="d">44936</subfield>
  </datafield>
  <datafield tag="020" ind1=" " ind2=" ">
   <subfield code="a">9843220315</subfield>
  </datafield>
  <datafield tag="040" ind1=" " ind2=" ">
   <subfield code="a">BD-DhAAL</subfield>
   <subfield code="c">BD-DhAAL</subfield>
  </datafield>
  <datafield tag="041" ind1="1" ind2=" ">
   <subfield code="a">eng</subfield>
   <subfield code="h">ben</subfield>
  </datafield>
  <datafield tag="050" ind1="0" ind2="0">
   <subfield code="a">KNG1214.32006</subfield>
   <subfield code="b">.H2413 2007</subfield>
  </datafield>
  <datafield tag="082" ind1=" " ind2=" ">
   <subfield code="a">344.549201</subfield>
   <subfield code="2">22</subfield>
  </datafield>
  <datafield tag="100" ind1=" " ind2=" ">
   <subfield code="a">Halim, Md. Abdul </subfield>
   <subfield code="9">6739</subfield>
  </datafield>
  <datafield tag="110" ind1="1" ind2=" ">
   <subfield code="a">Bangladesh.</subfield>
   <subfield code="9">16699</subfield>
  </datafield>
  <datafield tag="245" ind1="1" ind2="4">
   <subfield code="a">The Bangladesh Labour Code,</subfield>
   <subfield code="n">2006 :</subfield>
   <subfield code="b">with (section-wise English translation) as amended up to August, 2019 with discussion of amendment act of 2018 /</subfield>
   <subfield code="c">Md. Abdul Halim and Masum Saifur Rahman</subfield>
  </datafield>
  <datafield tag="250" ind1=" " ind2=" ">
   <subfield code="a">Seventeenth edition.</subfield>
  </datafield>
  <datafield tag="260" ind1=" " ind2=" ">
   <subfield code="a">Dhaka :</subfield>
   <subfield code="b">CCB Foundation,</subfield>
   <subfield code="c">2019.</subfield>
  </datafield>
  <datafield tag="300" ind1=" " ind2=" ">
   <subfield code="a">458 pages ;</subfield>
   <subfield code="c">22 cm.</subfield>
  </datafield>
  <datafield tag="500" ind1=" " ind2=" ">
   <subfield code="a">includes index</subfield>
  </datafield>
  <datafield tag="541" ind1=" " ind2=" ">
   <subfield code="e">39728</subfield>
  </datafield>
  <datafield tag="650" ind1=" " ind2="0">
   <subfield code="a">Labor laws and legislation</subfield>
   <subfield code="z">Bangladesh.</subfield>
   <subfield code="9">16700</subfield>
  </datafield>
  <datafield tag="650" ind1=" " ind2="0">
   <subfield code="a">Law.</subfield>
   <subfield code="9">51725</subfield>
  </datafield>
  <datafield tag="700" ind1="1" ind2=" ">
   <subfield code="a">Rahman, Masum Saifur.</subfield>
   <subfield code="9">16701</subfield>
  </datafield>
  <datafield tag="852" ind1=" " ind2=" ">
   <subfield code="a">Ayesha Abed Library</subfield>
   <subfield code="c">General Stacks</subfield>
  </datafield>
  <datafield tag="942" ind1=" " ind2=" ">
   <subfield code="2">ddc</subfield>
   <subfield code="c">BK</subfield>
  </datafield>
  <datafield tag="952" ind1=" " ind2=" ">
   <subfield code="0">0</subfield>
   <subfield code="1">0</subfield>
   <subfield code="2">ddc</subfield>
   <subfield code="4">0</subfield>
   <subfield code="6">344_549201000000000_HAL</subfield>
   <subfield code="7">0</subfield>
   <subfield code="9">71911</subfield>
   <subfield code="a">BRACUL</subfield>
   <subfield code="b">BRACUL</subfield>
   <subfield code="c">GEN</subfield>
   <subfield code="d">2022-09-29</subfield>
   <subfield code="l">1</subfield>
   <subfield code="o">344.549201 HAL</subfield>
   <subfield code="p">3010039728</subfield>
   <subfield code="r">2025-03-13</subfield>
   <subfield code="s">2025-03-11</subfield>
   <subfield code="t">1</subfield>
   <subfield code="w">2022-09-29</subfield>
   <subfield code="y">BK</subfield>
   <subfield code="x">Replaced book with the accession no of 23494</subfield>
  </datafield>
 </record>
</collection>
